| Поле | Инд. | ПП | Название | Значение |
|---|---|---|---|---|
| Тип записи | a | |||
| Библиографический уровень | a | |||
| 001 | Контрольный номер | 1b23f4c82d4147dbb43f6807b4ae42b8 | ||
| 005 | Дата корректировки | 20221206130432.9 | ||
| 041 | 0_ | a | Код языка текста | rus |
| 080 | a | Индекс УДК | 330.5 | |
| 097 | b | Оператор | *Т* | |
| 100 | 1_ | a | Автор | Фадеев Д.В. |
| 245 | 10 | a | Заглавие | Нормирование показателя распределения Парето на основе модели «градуировки» коэффициента Джини |
| b | Продолж. заглавия | статья | ||
| p | Название части/ раздела | - Текст : электронный | ||
| 260 | a | Место издания | Тверь | |
| b | Издательство | ТвГТУ | ||
| 520 | 0_ | a | Аннотация | в статье в свете общей теории предельных состояний в структурных системах произведена нормировка показателя распределения Парето, позволяющая осуществить содержательную трактовку описания момента наступления предельных состояний в различных экономических расчетах, проводимых на основе кривых Парето. |
| 653 | 0_ | a | Ключевые слова | распределение Парето, коэффициент Джини, неравенство доходов, инварианты, предельные состояния |
| 700 | 12 | a | Другие авторы | Фадеев В.В. |
| 773 | 18 | w | Контрольный № источника | 74cd496a560f49228f2dfd741c32ff31 |
| t | Название источника | Теоретические исследования и экспериментальные разработки студентов и аспирантов : материалы Всероссийской (национальной) научно-практической конференции, 2022 г., Тверь : в 2 частях / под редакцией Т.Б. Новиченковой | ||
| d | Место и дата издания | Тверь : Тверской государственный технический университет, 2022 | ||
| g | Прочая информация | Ч. 2. - С. 37-41 | ||
| 773 | 18 | z | ISBN | 978-5-7995-1232-3 |
| 901 | t | Тип документа | a | |
| 905 | a | Дата создания записи | 28.10.22 | |
| 950 | a | Редактор записи | гм |